Instrumentación electrónica (Record no. 63541)

MARC details
000 -LEADER
campo de control de longitud fija 00586nam a2200157 i 4500
001 - NÚMERO DE CONTROL
campo de control 63541
003 - IDENTIFICADOR DE NÚMERO DE CONTROL
campo de control ES-MaACL
007 - CAMPO FIJO DE DESCRIPCIÓN FÍSICA--INFORMACIÓN GENERAL
campo de control de longitud fija t|
008 - DATOS DE LONGITUD FIJA--INFORMACIÓN GENERAL
campo de control de longitud fija 031211s1981 sp ||||1| spa d
020 ## - NÚMERO INTERNACIONAL ESTÁNDAR DEL LIBRO
Número Internacional Estándar del Libro 84-7484-022-8
100 1# - ENTRADA PRINCIPAL--NOMBRE DE PERSONA
Nombre de persona Ferrero Corral, José M.
9 (RLIN) 50555
245 10 - MENCIÓN DEL TÍTULO
Título Instrumentación electrónica
Resto del título : captadores de señal /
Mención de responsabilidad, etc. José M. Ferrero Corral.
260 ## - PUBLICACIÓN, DISTRIBUCIÓN, ETC.
Lugar de publicación, distribución, etc. Madrid :
Nombre del editor, distribuidor, etc. Universidad Politécnica, Escuela Técnica Superior de Ingenieros Industriales, Sección de Publicaciones, Cátedra de Electrónica,
Fecha de publicación, distribución, etc. 1981.
300 ## - DESCRIPCIÓN FÍSICA
Extensión 166 p. ;
Dimensiones 30 cm.
852 ## - LOCALIZACIÓN
Ubicación ES-MaACL
Número de control de estantería L-9577
Sublocalización o colección R.111970
Holdings
Estatus retirado Estado de pérdida Estado de daño No para préstamo Biblioteca de origen Biblioteca actual Ubicación en estantería Fecha de adquisición Fuente de adquisición Total de préstamos Signatura topográfica completa Código de barras Visto por última vez Precio de reemplazo Tipo de ítem Koha
        Biblioteca del Ateneo de Madrid Biblioteca del Ateneo de Madrid Depósito 2 17/01/2008     L-9577 1066601 23/02/2023 23/02/2023 Libro impreso